| 000 | 004270000a22001810004500 | ||
|---|---|---|---|
| 003 | MACL | ||
| 005 | 20151230123008.0 | ||
| 008 | 151230b xxu||||| |||| 00| 0 eng d | ||
| 040 |
_aMACL _cMACL |
||
| 041 | _aEnglish | ||
| 082 | _a294.592MAN | ||
| 100 |
_aMankad, D R _924122 |
||
| 245 | _aDate of Rgveda | ||
| 260 |
_bGangajala Prakashan _c1952 |
||
| 350 | _a5 | ||
| 650 |
_aReligion _924724 |
||
| 942 |
_cBK _k294.592/MAN _2ddc |
||
| 999 |
_c36180 _d36180 |
||